[Event "9th Vellmar Chess Days"]
[Site "chess24.com"]
[Date "2017.07.15"]
[Round "5"]
[White "Tremoehlen, Thomas"]
[Black "Lange, Lars"]
[Result "1-0"]
[Board "34"]
[WhiteElo "1980"]
[WhiteCountry "GER"]
[WhiteFideId "12999555"]
[WhiteEloChange "4"]
[BlackElo "1733"]
[BlackCountry "GER"]
[BlackFideId "16217900"]
[BlackEloChange "-4"]

1. e4 {[%clk 1:30:57]} c5 {[%clk 1:30:55]} 2. Nf3 {[%clk 1:31:19]} d6 {[%clk
1:31:15]} 3. d4 {[%clk 1:31:48]} cxd4 {[%clk 1:31:35]} 4. Nxd4 {[%clk 1:32:16]}
Nf6 {[%clk 1:31:52]} 5. Nc3 {[%clk 1:32:44]} a6 {[%clk 1:32:12]} 6. Bg5 {[%clk
1:32:34]} Nbd7 {[%clk 1:32:19]} 7. Bc4 {[%clk 1:32:15]} Qa5 {[%clk 1:32:13]} 8.
Qd2 {[%clk 1:20:12]} e6 {[%clk 1:31:02]} 9. f3 {[%clk 1:17:01]} b5 {[%clk
1:22:50]} 10. Bb3 {[%clk 1:05:04]} Bb7 {[%clk 1:19:03]} 11. O-O {[%clk 0:54:13]}
Be7 {[%clk 1:16:06]} 12. Kh1 {[%clk 0:51:53]} O-O {[%clk 1:13:25]} 13. Nxe6
{[%clk 0:45:51]} fxe6 {[%clk 0:52:06]} 14. Bxe6+ {[%clk 0:46:18]} Rf7 {[%clk
0:52:09]} 15. a3 {[%clk 0:30:42]} Qc7 {[%clk 0:46:54]} 16. Rfd1 {[%clk 0:26:54]}
Rd8 {[%clk 0:41:32]} 17. Ne2 {[%clk 0:23:08]} Ne5 {[%clk 0:36:25]} 18. Nd4 {[%clk
0:14:38]} h6 {[%clk 0:29:11]} 19. Bf4 {[%clk 0:09:02]} Bc8 {[%clk 0:23:57]} 20.
Bxf7+ {[%clk 0:08:55]} Kxf7 {[%clk 0:22:46]} 21. b3 {[%clk 0:08:50]} d5 {[%clk
0:16:26]} 22. Bxe5 {[%clk 0:08:20]} Qxe5 {[%clk 0:14:54]} 23. Nc6 {[%clk
0:08:48]} Qd6 {[%clk 0:14:56]} 24. Nxd8+ {[%clk 0:09:15]} Bxd8 {[%clk 0:15:17]}
25. exd5 {[%clk 0:08:34]} Bc7 {[%clk 0:15:30]} 26. g3 {[%clk 0:08:15]} Bb7 {[%clk
0:14:45]} 27. c4 {[%clk 0:08:28]} a5 {[%clk 0:14:34]} 28. Rac1 {[%clk 0:08:42]}
Bb6 {[%clk 0:14:15]} 29. Qf4 {[%clk 0:07:36]} Qc5 {[%clk 0:13:10]} 30. Re1 {[%clk
0:05:40]} Qf2 {[%clk 0:12:42]} 31. Rf1 {[%clk 0:06:09]} Qc5 {[%clk 0:12:54]} 32.
g4 {[%clk 0:06:26]} g5 {[%clk 0:08:26]} 33. Qe5 {[%clk 0:06:20]} Kg6 {[%clk
0:06:26]} 34. Qf5+ {[%clk 0:05:27]} Kg7 {[%clk 0:06:32]} 35. cxb5 {[%clk
0:05:15]} Qxb5 {[%clk 0:06:49]} 36. d6 {[%clk 0:04:02]} Qxb3 {[%clk 0:05:34]} 37.
Rce1 {[%clk 0:03:49]} Be3 {[%clk 0:05:22]} 38. d7 {[%clk 0:03:12]} 1-0

[Event "9th Vellmar Chess Days"]
[Site "chess24.com"]
[Date "2017.07.15"]
[Round "5"]
[White "Buese, Ralf"]
[Black "Stoeber, Alexander"]
[Result "1/2-1/2"]
[Board "35"]
[WhiteElo "1900"]
[WhiteCountry "GER"]
[WhiteFideId "16208358"]
[WhiteEloChange "5"]
[BlackElo "2092"]
[BlackCountry "GER"]
[BlackFideId "16211766"]
[BlackEloChange "-5"]

1. d4 {[%clk 1:30:56]} Nf6 {[%clk 1:30:56]} 2. Bf4 {[%clk 1:31:16]} d6 {[%clk
1:31:06]} 3. e3 {[%clk 1:31:26]} Nbd7 {[%clk 1:31:24]} 4. Nf3 {[%clk 1:31:30]} g6
{[%clk 1:31:46]} 5. h3 {[%clk 1:30:41]} Bg7 {[%clk 1:31:31]} 6. Be2 {[%clk
1:30:50]} O-O {[%clk 1:31:41]} 7. O-O {[%clk 1:31:11]} Re8 {[%clk 1:31:45]} 8.
Bh2 {[%clk 1:23:50]} c6 {[%clk 1:30:00]} 9. c4 {[%clk 1:23:04]} e5 {[%clk
1:29:38]} 10. dxe5 {[%clk 1:21:25]} dxe5 {[%clk 1:28:55]} 11. Nxe5 {[%clk
1:18:05]} Qb6 {[%clk 1:28:41]} 12. Nd3 {[%clk 1:17:48]} Ne4 {[%clk 1:25:27]} 13.
Nd2 {[%clk 1:12:12]} Ndc5 {[%clk 1:16:33]} 14. Nxe4 {[%clk 1:09:33]} 1/2-1/2

[Event "9th Vellmar Chess Days"]
[Site "chess24.com"]
[Date "2017.07.15"]
[Round "5"]
[White "Bajorski, Marius"]
[Black "Tuhacek, Christian"]
[Result "1-0"]
[Board "36"]
[WhiteElo "1896"]
[WhiteCountry "GER"]
[WhiteFideId "12938831"]
[WhiteEloChange "14"]
[BlackElo "2027"]
[BlackCountry "GER"]
[BlackFideId "24630748"]
[BlackEloChange "-14"]

1. e4 {[%clk 1:30:59]} d6 {[%clk 1:30:49]} 2. d4 {[%clk 1:31:24]} Nf6 {[%clk
1:31:13]} 3. Nc3 {[%clk 1:31:50]} g6 {[%clk 1:31:31]} 4. f4 {[%clk 1:32:12]} Bg7
{[%clk 1:31:36]} 5. Nf3 {[%clk 1:32:28]} O-O {[%clk 1:31:46]} 6. Bd3 {[%clk
1:32:33]} c5 {[%clk 1:29:40]} 7. e5 {[%clk 1:22:26]} Ng4 {[%clk 1:24:38]} 8. dxc5
{[%clk 1:16:51]} dxe5 {[%clk 1:21:48]} 9. h3 {[%clk 1:15:57]} Nh6 {[%clk
1:20:15]} 10. fxe5 {[%clk 1:14:51]} Qa5 {[%clk 1:18:29]} 11. Be3 {[%clk 1:14:24]}
Nf5 {[%clk 1:12:55]} 12. Bf2 {[%clk 1:09:32]} Bh6 {[%clk 1:10:39]} 13. Qe2 {[%clk
1:05:38]} e6 {[%clk 1:06:49]} 14. O-O {[%clk 1:03:18]} a6 {[%clk 1:06:11]} 15.
Ne4 {[%clk 0:58:49]} Nd7 {[%clk 1:01:09]} 16. Nf6+ {[%clk 0:46:34]} Kh8 {[%clk
1:01:14]} 17. Nxd7 {[%clk 0:40:07]} Bxd7 {[%clk 1:01:25]} 18. Rad1 {[%clk
0:36:59]} Bc6 {[%clk 0:58:34]} 19. a3 {[%clk 0:35:06]} Bf4 {[%clk 0:52:26]} 20.
Bxf5 {[%clk 0:31:56]} gxf5 {[%clk 0:51:31]} 21. Nd4 {[%clk 0:29:37]} Be4 {[%clk
0:49:14]} 22. Be1 {[%clk 0:28:39]} Qxc5 {[%clk 0:46:37]} 23. Rxf4 {[%clk
0:28:47]} Qxe5 {[%clk 0:45:05]} 24. Bc3 {[%clk 0:27:32]} Qc5 {[%clk 0:43:19]} 25.
Qf2 {[%clk 0:20:20]} 1-0

[Event "9th Vellmar Chess Days"]
[Site "chess24.com"]
[Date "2017.07.15"]
[Round "5"]
[White "Krausse, Eckhard"]
[Black "Kanbach, Mike"]
[Result "1-0"]
[Board "37"]
[WhiteElo "1993"]
[WhiteCountry "GER"]
[WhiteFideId "4638174"]
[WhiteEloChange "6"]
[BlackElo "1846"]
[BlackCountry "GER"]
[BlackFideId "12974536"]
[BlackEloChange "-6"]

1. e4 {[%clk 1:30:53]} e6 {[%clk 1:30:50]} 2. d3 {[%clk 1:30:51]} d5 {[%clk
1:30:52]} 3. Nd2 {[%clk 1:31:13]} c5 {[%clk 1:30:48]} 4. Ngf3 {[%clk 1:27:10]}
Nc6 {[%clk 1:30:43]} 5. g3 {[%clk 1:27:29]} g6 {[%clk 1:30:59]} 6. Bg2 {[%clk
1:27:48]} Bg7 {[%clk 1:31:16]} 7. O-O {[%clk 1:27:51]} Nge7 {[%clk 1:31:38]} 8.
Re1 {[%clk 1:27:47]} O-O {[%clk 1:31:41]} 9. h4 {[%clk 1:25:02]} h5 {[%clk
1:21:02]} 10. Nf1 {[%clk 1:19:19]} b6 {[%clk 1:17:14]} 11. e5 {[%clk 1:18:27]} a5
{[%clk 1:17:03]} 12. Bf4 {[%clk 1:16:43]} Nf5 {[%clk 1:10:41]} 13. c3 {[%clk
1:14:00]} Ra7 {[%clk 1:10:05]} 14. Ng5 {[%clk 1:08:20]} Re7 {[%clk 1:08:52]} 15.
Nh2 {[%clk 1:00:00]} f6 {[%clk 1:03:17]} 16. exf6 {[%clk 1:00:03]} Bxf6 {[%clk
1:03:23]} 17. Nhf3 {[%clk 0:59:59]} e5 {[%clk 1:03:08]} 18. Bc1 {[%clk 0:56:40]}
Kg7 {[%clk 0:58:10]} 19. a3 {[%clk 0:55:30]} Nh6 {[%clk 0:57:16]} 20. Nh2 {[%clk
0:49:42]} Ng4 {[%clk 0:43:43]} 21. Nxg4 {[%clk 0:48:12]} Bxg4 {[%clk 0:42:35]}
22. Qa4 {[%clk 0:44:43]} Na7 {[%clk 0:41:10]} 23. b4 {[%clk 0:36:31]} axb4 {[%clk
0:34:14]} 24. axb4 {[%clk 0:28:49]} Qd6 {[%clk 0:34:12]} 25. bxc5 {[%clk
0:27:43]} bxc5 {[%clk 0:33:28]} 26. Qb3 {[%clk 0:24:25]} Rd7 {[%clk 0:32:41]} 27.
Ra5 {[%clk 0:20:53]} Rb8 {[%clk 0:27:18]} 28. Qa4 {[%clk 0:19:03]} Nc8 {[%clk
0:23:40]} 29. Ba3 {[%clk 0:18:55]} Rc7 {[%clk 0:23:16]} 30. c4 {[%clk 0:16:01]}
Bd7 {[%clk 0:22:57]} 31. Qc2 {[%clk 0:15:15]} Qb6 {[%clk 0:22:54]} 32. Qd2 {[%clk
0:14:04]} dxc4 {[%clk 0:19:32]} 33. dxc4 {[%clk 0:14:17]} Nd6 {[%clk 0:19:38]}
34. Bd5 {[%clk 0:13:07]} Bf5 {[%clk 0:11:29]} 35. Bc1 {[%clk 0:11:18]} Qb4 {[%clk
0:08:15]} 36. Ne6+ {[%clk 0:06:03]} Bxe6 {[%clk 0:08:21]} 37. Bxe6 {[%clk
0:06:21]} Nxc4 {[%clk 0:06:53]} 38. Qh6# {[%clk 0:06:41]} 1-0

[Event "9th Vellmar Chess Days"]
[Site "chess24.com"]
[Date "2017.07.15"]
[Round "5"]
[White "Wolff, Michael"]
[Black "Koerbel, Ekkehard"]
[Result "1/2-1/2"]
[Board "38"]
[WhiteElo "1993"]
[WhiteCountry "GER"]
[WhiteFideId "24607657"]
[WhiteEloChange "-4"]
[BlackElo "1838"]
[BlackCountry "GER"]
[BlackFideId "12976148"]
[BlackEloChange "4"]

1. e4 {[%clk 1:30:30]} e5 {[%clk 1:30:30]} 2. f4 {[%clk 1:30:30]} exf4 {[%clk
1:30:30]} 3. Nf3 {[%clk 1:30:30]} Ne7 {[%clk 1:30:42]} 4. Qe2 {[%clk 1:30:30]} c6
{[%clk 1:30:42]} 5. Nc3 {[%clk 1:30:30]} d5 {[%clk 1:30:53]} 6. d4 {[%clk
1:30:30]} Ng6 {[%clk 1:30:49]} 7. exd5+ {[%clk 1:30:30]} Be7 {[%clk 1:31:03]} 8.
Bd2 {[%clk 1:30:30]} O-O {[%clk 1:31:03]} 9. O-O-O {[%clk 1:30:48]} cxd5 {[%clk
1:31:03]} 10. g3 {[%clk 1:31:06]} Nc6 {[%clk 1:31:03]} 11. gxf4 {[%clk 1:30:35]}
Bf5 {[%clk 1:31:03]} 12. Be3 {[%clk 1:30:24]} f6 {[%clk 1:31:03]} 13. h4 {[%clk
1:30:24]} Bb4 {[%clk 1:31:03]} 14. h5 {[%clk 1:30:24]} Bxc3 {[%clk 1:31:01]} 15.
hxg6 {[%clk 1:30:24]} Bxb2+ {[%clk 1:31:01]} 16. Kxb2 {[%clk 1:30:24]} Bxg6
{[%clk 1:31:01]} 17. Bc1 {[%clk 1:30:25]} Rc8 {[%clk 1:31:01]} 1/2-1/2

[Event "9th Vellmar Chess Days"]
[Site "chess24.com"]
[Date "2017.07.15"]
[Round "5"]
[White "Ernst, Rolf"]
[Black "Flach, Helene"]
[Result "1-0"]
[Board "39"]
[WhiteElo "1974"]
[WhiteTitle "FM"]
[WhiteCountry "GER"]
[WhiteFideId "4611101"]
[WhiteEloChange "6"]
[BlackElo "1819"]
[BlackCountry "GER"]
[BlackFideId "12929735"]
[BlackEloChange "-6"]

1. d4 {[%clk 1:30:54]} d5 {[%clk 1:30:53]} 2. c4 {[%clk 1:31:14]} e6 {[%clk
1:31:17]} 3. Nc3 {[%clk 1:31:18]} Be7 {[%clk 1:31:38]} 4. Bf4 {[%clk 1:29:23]}
Nf6 {[%clk 1:30:56]} 5. e3 {[%clk 1:29:39]} O-O {[%clk 1:31:03]} 6. Bd3 {[%clk
1:29:34]} Nbd7 {[%clk 1:30:38]} 7. Nf3 {[%clk 1:25:20]} b6 {[%clk 1:28:36]} 8.
cxd5 {[%clk 1:22:03]} exd5 {[%clk 1:28:45]} 9. O-O {[%clk 1:21:54]} Bb7 {[%clk
1:28:32]} 10. Nb5 {[%clk 1:15:14]} Ne8 {[%clk 1:23:12]} 11. Qc2 {[%clk 1:13:49]}
c6 {[%clk 1:17:19]} 12. Nc3 {[%clk 1:10:10]} Nef6 {[%clk 1:16:14]} 13. Ne5 {[%clk
1:10:04]} c5 {[%clk 1:14:38]} 14. Rad1 {[%clk 1:06:24]} h6 {[%clk 1:05:39]} 15.
Qe2 {[%clk 1:03:32]} Re8 {[%clk 1:00:55]} 16. Qf3 {[%clk 0:57:03]} c4 {[%clk
0:49:43]} 17. Bb1 {[%clk 0:54:39]} a6 {[%clk 0:46:26]} 18. Nxc4 {[%clk 0:53:38]}
Nf8 {[%clk 0:38:50]} 19. Ne5 {[%clk 0:52:43]} Ne6 {[%clk 0:36:04]} 20. h3 {[%clk
0:50:28]} Nxf4 {[%clk 0:32:11]} 21. exf4 {[%clk 0:48:12]} Rc8 {[%clk 0:28:10]}
22. Qd3 {[%clk 0:47:10]} Bf8 {[%clk 0:24:48]} 23. g4 {[%clk 0:46:55]} g6 {[%clk
0:23:29]} 24. f3 {[%clk 0:46:27]} Qd6 {[%clk 0:19:31]} 25. Rfe1 {[%clk 0:43:01]}
Bg7 {[%clk 0:17:38]} 26. Kg2 {[%clk 0:41:17]} Rcd8 {[%clk 0:14:11]} 27. Qd2
{[%clk 0:37:06]} Bc8 {[%clk 0:13:04]} 28. Ne2 {[%clk 0:30:23]} Bd7 {[%clk
0:09:02]} 29. Ng3 {[%clk 0:30:31]} Re7 {[%clk 0:06:48]} 30. h4 {[%clk 0:26:14]}
Nh7 {[%clk 0:05:32]} 31. Re3 {[%clk 0:23:04]} Rde8 {[%clk 0:05:00]} 32. Rde1
{[%clk 0:23:01]} Kf8 {[%clk 0:04:29]} 33. g5 {[%clk 0:22:32]} hxg5 {[%clk
0:04:16]} 34. hxg5 {[%clk 0:22:38]} Kg8 {[%clk 0:03:26]} 35. Bd3 {[%clk 0:20:56]}
a5 {[%clk 0:03:31]} 36. a3 {[%clk 0:21:15]} Nf8 {[%clk 0:03:17]} 37. R3e2 {[%clk
0:21:40]} Nh7 {[%clk 0:01:50]} 38. Rh1 {[%clk 0:20:27]} Bxe5 {[%clk 0:01:10]} 39.
fxe5 {[%clk 0:19:57]} Qe6 {[%clk 0:00:50]} 40. Kf1 {[%clk 0:20:16]} Kg7 {[%clk
0:01:01]} 41. Reh2 {[%clk 0:19:46]} 1-0

[Event "9th Vellmar Chess Days"]
[Site "chess24.com"]
[Date "2017.07.15"]
[Round "5"]
[White "Kirchner, Markus"]
[Black "Kelm, Daniel"]
[Result "1/2-1/2"]
[Board "40"]
[WhiteElo "1820"]
[WhiteCountry "GER"]
[WhiteFideId "12979163"]
[WhiteEloChange "4"]
[BlackElo "1950"]
[BlackCountry "GER"]
[BlackFideId "12917095"]
[BlackEloChange "-4"]

1. e4 {[%clk 1:30:56]} c6 {[%clk 1:30:49]} 2. d4 {[%clk 1:31:16]} d5 {[%clk
1:31:13]} 3. Nc3 {[%clk 1:31:43]} dxe4 {[%clk 1:30:50]} 4. Nxe4 {[%clk 1:32:05]}
Nf6 {[%clk 1:30:33]} 5. Nxf6+ {[%clk 1:32:25]} exf6 {[%clk 1:30:54]} 6. Nf3
{[%clk 1:32:32]} Bd6 {[%clk 1:27:32]} 7. Bd3 {[%clk 1:32:37]} O-O {[%clk
1:26:57]} 8. O-O {[%clk 1:32:46]} Qc7 {[%clk 1:23:42]} 9. c3 {[%clk 1:32:28]} Bg4
{[%clk 1:23:51]} 10. h3 {[%clk 1:32:42]} Bh5 {[%clk 1:23:59]} 11. Be3 {[%clk
1:32:15]} Re8 {[%clk 1:23:46]} 12. Re1 {[%clk 1:32:10]} Nd7 {[%clk 1:22:01]} 13.
Rc1 {[%clk 1:32:01]} c5 {[%clk 1:20:17]} 14. Be2 {[%clk 1:30:17]} Bf4 {[%clk
1:17:37]} 15. Qd2 {[%clk 1:27:19]} Bxe3 {[%clk 1:17:30]} 16. fxe3 {[%clk
1:27:44]} f5 {[%clk 1:16:37]} 17. Ng5 {[%clk 1:26:17]} Bg6 {[%clk 1:16:16]} 18.
Bd3 {[%clk 1:25:38]} h6 {[%clk 1:13:35]} 19. Nf3 {[%clk 1:25:57]} Qd8 {[%clk
1:08:50]} 20. Qc2 {[%clk 1:17:30]} Qf6 {[%clk 1:00:22]} 21. Bb5 {[%clk 1:15:59]}
Re7 {[%clk 0:58:47]} 22. Bxd7 {[%clk 1:16:20]} Rxd7 {[%clk 0:59:11]} 23. Ne5
{[%clk 1:16:11]} Re7 {[%clk 0:57:37]} 24. Rf1 {[%clk 1:14:39]} Qg5 {[%clk
0:56:59]} 25. Rce1 {[%clk 1:14:01]} Rae8 {[%clk 0:56:51]} 26. Qf2 {[%clk
1:04:14]} Qf6 {[%clk 0:34:57]} 27. Qf3 {[%clk 1:00:29]} Qb6 {[%clk 0:31:41]} 28.
Rf2 {[%clk 0:59:45]} cxd4 {[%clk 0:31:17]} 29. exd4 {[%clk 0:59:46]} f6 {[%clk
0:29:56]} 30. Nxg6 {[%clk 0:59:56]} Rxe1+ {[%clk 0:30:18]} 31. Kh2 {[%clk
1:00:16]} Qd6+ {[%clk 0:29:15]} 32. g3 {[%clk 1:00:09]} Qa6 {[%clk 0:26:37]} 33.
Qd5+ {[%clk 0:59:08]} Qe6 {[%clk 0:25:00]} 34. Qxb7 {[%clk 0:57:32]} Qe4 {[%clk
0:24:45]} 35. Qxe4 {[%clk 0:56:56]} fxe4 {[%clk 0:25:10]} 36. Nf4 {[%clk
0:56:51]} e3 {[%clk 0:25:31]} 37. Re2 {[%clk 0:56:53]} Rd1 {[%clk 0:20:26]} 38.
Kg2 {[%clk 0:56:03]} Rd2 {[%clk 0:11:31]} 39. Kf3 {[%clk 0:54:40]} Kf7 {[%clk
0:10:43]} 40. Nd5 {[%clk 0:51:58]} f5 {[%clk 0:09:48]} 41. Nxe3 {[%clk 0:51:11]}
Rxe2 {[%clk 0:09:23]} 42. Kxe2 {[%clk 0:51:05]} g5 {[%clk 0:09:21]} 43. Kf3
{[%clk 0:50:00]} Ke6 {[%clk 0:09:11]} 44. c4 {[%clk 0:49:47]} 1/2-1/2

[Event "9th Vellmar Chess Days"]
[Site "chess24.com"]
[Date "2017.07.15"]
[Round "5"]
[White "Kobs, Stephan"]
[Black "Boerma, Daniel"]
[Result "1-0"]
[Board "41"]
[WhiteElo "1938"]
[WhiteCountry "GER"]
[WhiteFideId "4684656"]
[WhiteEloChange "7"]
[BlackElo "1825"]
[BlackCountry "GER"]
[BlackFideId "12965715"]
[BlackEloChange "-7"]

1. e4 {[%clk 1:30:53]} c5 {[%clk 1:30:56]} 2. Nf3 {[%clk 1:31:10]} e6 {[%clk
1:31:23]} 3. b3 {[%clk 1:29:58]} Nc6 {[%clk 1:31:12]} 4. Bb2 {[%clk 1:29:43]} Qc7
{[%clk 1:31:33]} 5. Nc3 {[%clk 1:25:47]} a6 {[%clk 1:31:54]} 6. g3 {[%clk
1:24:54]} b5 {[%clk 1:32:03]} 7. Bg2 {[%clk 1:22:41]} Bb7 {[%clk 1:32:20]} 8. O-O
{[%clk 1:22:42]} d6 {[%clk 1:32:09]} 9. d4 {[%clk 1:19:03]} cxd4 {[%clk 1:32:27]}
10. Nxd4 {[%clk 1:19:21]} Nf6 {[%clk 1:32:11]} 11. Re1 {[%clk 1:11:34]} Be7
{[%clk 1:32:14]} 12. Nxc6 {[%clk 0:56:34]} Bxc6 {[%clk 1:31:27]} 13. a3 {[%clk
0:51:12]} O-O {[%clk 1:31:00]} 14. Qe2 {[%clk 0:50:16]} Rac8 {[%clk 1:28:31]} 15.
Rac1 {[%clk 0:48:51]} Qb7 {[%clk 1:27:43]} 16. Rcd1 {[%clk 0:47:07]} Rc7 {[%clk
1:25:39]} 17. Rd2 {[%clk 0:36:50]} Rfc8 {[%clk 1:24:35]} 18. g4 {[%clk 0:16:52]}
Ne8 {[%clk 1:16:27]} 19. Nd5 {[%clk 0:12:53]} Bxd5 {[%clk 1:15:29]} 20. exd5
{[%clk 0:13:07]} exd5 {[%clk 1:14:18]} 21. Bxd5 {[%clk 0:12:45]} Qb8 {[%clk
1:13:45]} 22. Qxe7 {[%clk 0:07:19]} Rxe7 {[%clk 1:13:25]} 23. Rxe7 {[%clk
0:07:47]} Nf6 {[%clk 1:09:05]} 24. Bxf6 {[%clk 0:07:40]} gxf6 {[%clk 1:09:31]}
25. Rxf7 {[%clk 0:04:42]} 1-0

[Event "9th Vellmar Chess Days"]
[Site "chess24.com"]
[Date "2017.07.15"]
[Round "5"]
[White "Zell, Daniel"]
[Black "Woellenstein, Sebastian"]
[Result "1-0"]
[Board "42"]
[WhiteElo "1938"]
[WhiteCountry "GER"]
[WhiteFideId "12937940"]
[WhiteEloChange "5"]
[BlackElo "1736"]
[BlackCountry "GER"]
[BlackFideId "12974706"]
[BlackEloChange "-5"]

1. e4 {[%clk 1:30:59]} c5 {[%clk 1:30:54]} 2. Nf3 {[%clk 1:31:24]} d6 {[%clk
1:31:20]} 3. d4 {[%clk 1:31:46]} cxd4 {[%clk 1:31:47]} 4. Nxd4 {[%clk 1:32:12]}
Nf6 {[%clk 1:32:13]} 5. Nc3 {[%clk 1:32:35]} g6 {[%clk 1:32:41]} 6. Be3 {[%clk
1:32:41]} Bg7 {[%clk 1:33:03]} 7. Qd2 {[%clk 1:32:54]} Nc6 {[%clk 1:33:07]} 8.
O-O-O {[%clk 1:33:03]} O-O {[%clk 1:33:30]} 9. f3 {[%clk 1:32:24]} Bd7 {[%clk
1:33:15]} 10. Bh6 {[%clk 1:32:14]} Rc8 {[%clk 1:32:24]} 11. Bxg7 {[%clk 1:32:34]}
Kxg7 {[%clk 1:32:50]} 12. g4 {[%clk 1:32:08]} Ne5 {[%clk 1:33:08]} 13. Be2 {[%clk
1:31:54]} Nc4 {[%clk 1:33:30]} 14. Bxc4 {[%clk 1:31:30]} Rxc4 {[%clk 1:33:56]}
15. h4 {[%clk 1:31:25]} Qa5 {[%clk 1:34:12]} 16. h5 {[%clk 1:31:13]} Rh8 {[%clk
1:30:39]} 17. hxg6 {[%clk 1:30:01]} fxg6 {[%clk 1:31:05]} 18. e5 {[%clk 1:23:50]}
Qxe5 {[%clk 1:24:04]} 19. Rhe1 {[%clk 1:23:32]} Rxd4 {[%clk 1:10:32]} 20. Qxd4
{[%clk 1:23:35]} Qxd4 {[%clk 1:10:56]} 21. Rxd4 {[%clk 1:24:02]} Re8 {[%clk
1:11:06]} 22. g5 {[%clk 1:21:29]} Nh5 {[%clk 1:10:29]} 23. Nd5 {[%clk 1:20:31]}
Kf7 {[%clk 1:11:35]} 24. Rde4 {[%clk 1:18:09]} e6 {[%clk 1:11:13]} 25. Ne3 {[%clk
1:09:11]} Bc6 {[%clk 1:11:01]} 26. Rd4 {[%clk 1:09:11]} Ke7 {[%clk 1:11:01]} 27.
Nc4 {[%clk 1:02:32]} Rd8 {[%clk 1:10:19]} 28. f4 {[%clk 1:00:39]} Ng3 {[%clk
1:10:32]} 29. Rd3 {[%clk 0:59:04]} Nf5 {[%clk 1:10:38]} 30. Rh3 {[%clk 0:58:45]}
Rh8 {[%clk 1:10:33]} 31. Nd2 {[%clk 0:56:55]} Ng7 {[%clk 1:09:00]} 32. c4 {[%clk
0:56:35]} Nh5 {[%clk 1:09:18]} 33. Rh4 {[%clk 0:55:50]} Rf8 {[%clk 1:08:46]} 34.
Rf1 {[%clk 0:56:00]} Rf5 {[%clk 1:08:25]} 35. Kc2 {[%clk 0:54:11]} Kf7 {[%clk
1:06:38]} 36. Kd3 {[%clk 0:53:25]} a6 {[%clk 1:06:09]} 37. Ke3 {[%clk 0:51:56]}
Ke7 {[%clk 1:03:58]} 38. Rg1 {[%clk 0:49:28]} Ra5 {[%clk 1:02:28]} 39. a3 {[%clk
0:49:22]} Rf5 {[%clk 1:02:29]} 40. Nb3 {[%clk 0:47:57]} Rf8 {[%clk 1:01:41]} 41.
c5 {[%clk 0:46:16]} Bd5 {[%clk 1:01:38]} 42. cxd6+ {[%clk 0:46:27]} Kxd6 {[%clk
1:02:03]} 43. Rd1 {[%clk 0:44:48]} e5 {[%clk 1:01:30]} 44. fxe5+ {[%clk 0:42:28]}
Kxe5 {[%clk 1:01:59]} 45. Nd4 {[%clk 0:37:10]} Rf7 {[%clk 0:58:39]} 46. Re1
{[%clk 0:35:39]} Kd6 {[%clk 0:57:43]} 47. Ne2 {[%clk 0:34:39]} Ng7 {[%clk
0:56:40]} 48. Kd2 {[%clk 0:33:36]} Nf5 {[%clk 0:56:56]} 49. Rh3 {[%clk 0:33:04]}
Rd7 {[%clk 0:55:54]} 50. Nc3 {[%clk 0:32:28]} Bc6 {[%clk 0:55:48]} 51. Re8 {[%clk
0:32:21]} Kc5+ {[%clk 0:55:48]} 52. Kc1 {[%clk 0:31:51]} Nd4 {[%clk 0:54:48]} 53.
Rh8 {[%clk 0:29:26]} Kc4 {[%clk 0:53:27]} 54. Kb1 {[%clk 0:22:03]} Rf7 {[%clk
0:46:31]} 55. R8xh7 {[%clk 0:20:25]} Rf1+ {[%clk 0:46:33]} 56. Ka2 {[%clk
0:20:25]} Nc2 {[%clk 0:45:30]} 57. R7h4+ {[%clk 0:20:28]} Kc5 {[%clk 0:45:18]}
58. b4+ {[%clk 0:17:21]} Kb6 {[%clk 0:45:09]} 59. Rh2 {[%clk 0:15:29]} Ne1 {[%clk
0:44:05]} 60. Rg4 {[%clk 0:13:55]} Be8 {[%clk 0:42:17]} 61. Nd5+ {[%clk 0:10:23]}
Kc6 {[%clk 0:41:44]} 62. Nf6 {[%clk 0:08:29]} Bf7+ {[%clk 0:41:55]} 63. Kb2
{[%clk 0:08:28]} Nd3+ {[%clk 0:41:02]} 64. Kc2 {[%clk 0:08:26]} Ne5 {[%clk
0:36:26]} 65. Rg3 {[%clk 0:08:18]} Ra1 {[%clk 0:35:59]} 66. Rh7 {[%clk 0:06:46]}
Ra2+ {[%clk 0:32:23]} 67. Kb1 {[%clk 0:06:29]} Rf2 {[%clk 0:30:33]} 68. Rc3+
{[%clk 0:04:32]} Kb6 {[%clk 0:27:35]} 69. a4 {[%clk 0:30:37]} Be6 {[%clk
0:55:14]} 70. a5+ {[%clk 0:30:48]} Ka7 {[%clk 0:54:34]} 71. Rcc7 {[%clk 0:30:44]}
Bf5+ {[%clk 0:55:07]} 72. Ka1 {[%clk 0:30:47]} Rf1+ {[%clk 0:55:21]} 73. Kb2
{[%clk 0:30:58]} Rb1+ {[%clk 0:46:30]} 74. Kc3 {[%clk 0:31:10]} Rc1+ {[%clk
0:45:42]} 75. Kd4 {[%clk 0:29:52]} Nf3+ {[%clk 0:43:07]} 76. Kd5 {[%clk 0:28:54]}
Rd1+ {[%clk 0:38:34]} 77. Kc5 {[%clk 0:28:40]} Rc1+ {[%clk 0:38:49]} 78. Kd6
{[%clk 0:28:58]} Rd1+ {[%clk 0:38:40]} 79. Nd5 {[%clk 0:28:21]} Be4 {[%clk
0:38:11]} 80. Rxb7+ {[%clk 0:28:49]} Ka8 {[%clk 0:38:29]} 81. Kc7 {[%clk
0:28:24]} Rc1+ {[%clk 0:36:04]} 82. Kb6 {[%clk 0:28:38]} Rc8 {[%clk 0:36:03]} 83.
Ra7+ {[%clk 0:28:57]} 1-0

[Event "9th Vellmar Chess Days"]
[Site "chess24.com"]
[Date "2017.07.15"]
[Round "5"]
[White "Fischer, Andreas"]
[Black "Knoth, Eugen"]
[Result "1/2-1/2"]
[Board "43"]
[WhiteElo "1811"]
[WhiteCountry "GER"]
[WhiteFideId "1270053"]
[WhiteEloChange "3"]
[BlackElo "1936"]
[BlackCountry "GER"]
[BlackFideId "4650395"]
[BlackEloChange "-3"]

1. e4 {[%clk 1:30:41]} e6 {[%clk 1:30:54]} 2. d4 {[%clk 1:30:24]} d5 {[%clk
1:31:19]} 3. Nc3 {[%clk 1:30:45]} dxe4 {[%clk 1:31:40]} 4. Nxe4 {[%clk 1:31:07]}
Bd7 {[%clk 1:32:00]} 5. Nf3 {[%clk 1:30:55]} Bc6 {[%clk 1:32:25]} 6. Bd3 {[%clk
1:31:05]} Nd7 {[%clk 1:32:49]} 7. Bg5 {[%clk 1:28:37]} Be7 {[%clk 1:33:02]} 8.
Qd2 {[%clk 1:27:54]} Ngf6 {[%clk 1:33:01]} 9. Nxf6+ {[%clk 1:26:20]} Bxf6 {[%clk
1:33:06]} 10. Bxf6 {[%clk 1:24:55]} Qxf6 {[%clk 1:33:14]} 11. Be2 {[%clk
1:23:56]} O-O {[%clk 1:30:20]} 12. O-O {[%clk 1:22:45]} Rad8 {[%clk 1:30:27]} 13.
Qg5 {[%clk 1:21:05]} Qxg5 {[%clk 1:28:15]} 1/2-1/2